000 00257nam a2200097Ia 4500
001 1220015
005 20250827092803.0
008 250824s9999 xx 000 0 und d
245 0 _aÇİVİSİ ÇIKMIŞ DÜNYA
_cAMİN MAALOUF
260 _bYAPI KREDİ YAYINLARI
999 _c1220015
_d1220015